00321nam a2200109Ia 4500008004100000245008900041260003500130260000900165300001000174500001100184650001600195170224s9999 xx 000 0 und d aResponse monitoring and adjustment: Differential relations with psychopathic traits. bJournal of Abnormal Psychology c2014 a123:3 aAugust xPsychology.